=LDR 00000nam 2200000 4500 =001 INLIS000000000037009 =005 20130612142748 =008 ***********************************Ind** =035 ##$$0010-061300000037009 =041 ##$$a Ind =082 ##$$a 591.04 =090 ##$$a 591.04 =100 ##$$a Christiansen, Pen =245 ##$$a Christiansen, Pen =260 ##$$a Rikke Mulastika $b Monster alam hewan prasejarah =300 ##$$a 32 hlm, ilus, 16 cm =650 ##$$a Binatang Langka =850 ##$$a NBPNMAT